Kürtlerin mecburi iskan'ı / (Kayıt no. 10204)
[ düz görünüm ]
| 000 -BAŞLIK | |
|---|---|
| Sabit Uzunluktaki Kontrol Alanı | 00785nam a22002297a 4500 |
| 003 - KONTROL NUMARASI KİMLİĞİ | |
| Kontrol Alanı | KOHA_MİRAKIL |
| 005 - EN SON İŞLEM TARİHİ ve ZAMANI | |
| Kontrol Alanı | 20260414065628.0 |
| 008 - SABİT UZUNLUKTAKİ VERİ ÖGELERİ - GENEL BİLGİ | |
| Sabit Alan | 260414b tu ||||| |||| 00| 0 tur d |
| 040 ## - KATALOGLAMA KAYNAĞI | |
| Özgün Kataloglama Kurumu | TR-AnABB |
| Kataloglama Dili | tur |
| Çeviri Kurumu | TR-AnABB |
| 041 ## - DİL KODU | |
| Metin ya da ses kaydının dil kodu | tur |
| 082 ## - DEWEY ONU SINIFLAMA SİSTEMİ | |
| Sınıflama Numarası | 325.1 |
| Cutter numarası | BES 1977 |
| 100 1# - KİŞİ ADI | |
| Yazar Adı (Kişi adı) | Beşikçi, İsmail |
| 245 10 - ESER ADI BİLDİRİMİ | |
| Başlık | Kürtlerin mecburi iskan'ı / |
| Sorumluluk Bildirimi | İsmail Beşikçi |
| 250 ## - BASIM BİLDİRİMİ | |
| Basım Bildirimi | 1. basım |
| 260 ## - YAYIN, DAĞITIM, VB. | |
| Yayın Yeri | İstanbul : |
| Yayınevi | Komal Yayınları, |
| Yayın Tarihi | 1977 |
| 300 ## - FİZİKSEL TANIMLAMA | |
| Sayfa, Cilt vb. | 247 sayfa ; |
| Boyutları | 19 cm |
| 490 0# - DİZİ BİLDİRİMİ | |
| Dizi Bildirimi | Komal Yayınları ; |
| Cilt Numarası | 13 |
| Dizi Bildirimi | Araştırma dizisi ; |
| Cilt Numarası | 6 |
| 500 ## - GENEL NOT | |
| Genel Not | Kitap içerisinde Prof. Dr. Ruşen Keleş tarafından yapılmış satır altı çizimler ve vurgular mevcuttur. |
| 500 ## - GENEL NOT | |
| Genel Not | Yazar tarafından imzalıdır. |
| 650 04 - KONU BAŞLIĞI EK GİRİŞ - KONU TERİMİ | |
| Konusal terim veya coğrafi ad | Göç ve yerleşme |
| 942 ## - EK GİRİŞ ÖGELERİ (KOHA) | |
| Sınıflama Kaynağı | Dewey Decimal Classification |
| Materyal Türü | Kitap |
| 900 ## - YEREL BİLGİ | |
| Kontrol | Can ÇELIK |
| Geri Çekilme Durumu | Kayıp Durumu | Sınıflandırma Kaynağı | Kredi için değil | Kalıcı Konum | Mevcut Konum | Kayıt Tarih | Toplam Ödünçverme | Yer Numarası | Demirbaş Numarası | Son Görülme Tarihi | Fatura Tarihi | Materyal Türü |
|---|---|---|---|---|---|---|---|---|---|---|---|---|
| Dewey Decimal Classification | Prof. Dr. Ruşen Keleş Kütüphanesi | Prof. Dr. Ruşen Keleş Kütüphanesi | 14/04/2026 | 325.1 BES 1977 | RK7051 | 14/04/2026 | 14/04/2026 | Kitap |
